La carmagnole des muses (Record no. 128132)

MARC details
000 -LEADER
campo de control de longitud fija 00887nam a2200253 i 4500
001 - NÚMERO DE CONTROL
campo de control 128132
003 - IDENTIFICADOR DE NÚMERO DE CONTROL
campo de control ES-MaACL
005 - FECHA Y HORA DE LA ÚLTIMA TRANSACCIÓN
campo de control 20230906193154.0
007 - CAMPO FIJO DE DESCRIPCIÓN FÍSICA--INFORMACIÓN GENERAL
campo de control de longitud fija t|
008 - DATOS DE LONGITUD FIJA--INFORMACIÓN GENERAL
campo de control de longitud fija 070622s1988 fr ||||1| fre d
020 ## - NÚMERO INTERNACIONAL ESTÁNDAR DEL LIBRO
Número Internacional Estándar del Libro 2-200-37148-9
080 ## - NÚMERO DE LA CLASIFICACIÓN DECIMAL UNIVERSAL
Número de la Clasificación Decimal Universal 008(44)"1789-1799"
245 03 - MENCIÓN DEL TÍTULO
Título La carmagnole des muses
Resto del título : l'homme de lettres & l'artiste dans la révolution /
Mención de responsabilidad, etc. sous la direction de Jean-claude Bonnet.
260 ## - PUBLICACIÓN, DISTRIBUCIÓN, ETC.
Lugar de publicación, distribución, etc. Paris :
Nombre del editor, distribuidor, etc. Armand Colin,
Fecha de publicación, distribución, etc. [1988]
300 ## - DESCRIPCIÓN FÍSICA
Extensión 425 p. ;
Dimensiones 24 cm.
490 1# - MENCIÓN DE SERIE
Mención de serie Librairie du bicentenaire de la révolution française
500 ## - NOTA GENERAL
Nota general Biblioteca Jacinto Martínez Lacalle.
500 ## - NOTA GENERAL
Nota general Indice.
651 ## - PUNTO DE ACCESO ADICIONAL DE MATERIA--NOMBRE GEOGRÁFICO
Nombre geográfico Francia-
Subdivisión general Vida intelectual-
Subdivisión cronológica S.XVIII.
9 (RLIN) 172465
700 1# - ENTRADA AGREGADA--NOMBRE PERSONAL
Nombre de persona Bonnet, Jean-Claude.
9 (RLIN) 30265
830 0# - PUNTO DE ACCESO ADICIONAL DE SERIE-TÍTULO UNIFORME
Título uniforme Librairie du bicentenaire de la révolution française
9 (RLIN) 177526
852 ## - LOCALIZACIÓN
Ubicación ES-MaACL
Número de control de estantería E-11802
Sublocalización o colección R.139921
Holdings
Estatus retirado Estado de pérdida Estado de daño No para préstamo Biblioteca de origen Biblioteca actual Ubicación en estantería Fecha de adquisición Fuente de adquisición Total de préstamos Signatura topográfica completa Código de barras Visto por última vez Precio de reemplazo Tipo de ítem Koha
        Biblioteca del Ateneo de Madrid Biblioteca del Ateneo de Madrid Depósito 2 17/01/2008     E-11802 1133458 23/02/2023 23/02/2023 Libro impreso